00623nam a2200181Ia 4500003000900000008004100009040001600050080001800066110004000084245009600124260005200220300001000272650002200282650001900304942000700323999001700330952009400347IN-BaIIA211028s9999 xx 000 0 eng d cIIA Library a058.7:52bAAS aAmerican Astronomical Society94342 0aAAS membership directory 2000cAmerican Astronomical Society  aWashingtonbAmerican Astronomical Societyc2000 a285p. aastronomers94625 adirectory9567 cBK c13342d13342 00104070aBANbBANcGENd0000-00-00l0o058.7:52/AASp14261r2021-11-05w0000-00-00yBK